Technická práce Časopis ústřední rady čs. vědeckotechnické společnosti

Salvato in:
Dettagli Bibliografici
Natura: Periodico
Lingua:ceco
Pubblicazione: Praha Obzor 1990
Soggetti:
Tags: Aggiungi Tag
Nessun Tag, puoi essere il primo ad aggiungerne!!

MARC

LEADER 00000nas2a2200000 4500
001 s015053
005 20240109091050.6
022 |a 0040-1056 
041 0 |a cze 
044 |a CZ 
245 1 0 |a Technická práce  |b Časopis ústřední rady čs. vědeckotechnické společnosti 
264 1 |a Praha  |b Obzor  |c 1990 
300 |a 1 zv. 
500 |a Od č. 7/90 nevychádza 
773 0 |w eu_un_cat*s120841 
610 2 0 |a technika